| 000 | 00674nam a22002177a 4500 | ||
|---|---|---|---|
| 005 | 20251108165832.0 | ||
| 008 | 250721s1988 xx 000 0 ara d | ||
| 082 | 1 | 4 | _aط/923.9/فيا |
| 100 | 1 |
_aفياض، سليمان _eمؤلف |
|
| 245 | 1 | 0 | _aالإدريسي : أبو الجغرافيا / |
| 264 | 1 |
_aالقاهرة : _bمركز الأهرام للنشر، _c1988. |
|
| 300 | _a43ص. | ||
| 490 | 0 |
_aعلماء العرب _v10 |
|
| 650 | 1 | 7 | _aالتراجم |
| 650 | 1 | 7 | _aالجغرافيون |
| 653 | _a(سنة 14-10) ناشئون صغار | ||
| 653 | _aالإدريسي | ||
| 700 | 1 |
_aدياب، إسماعيل _eCart. |
|
| 942 |
_2ddc _cBK |
||
| 999 |
_c32520 _d32520 |
||